Science as sacred metaphor : (Record no. 9953)
[ view plain ]
| 000 -LEADER | |
|---|---|
| fixed length control field | 01751cam a22003254a 4500 |
| 001 - CONTROL NUMBER | |
| control field | 14233857 |
| 003 - CONTROL NUMBER IDENTIFIER | |
| control field | GBCCL |
| 005 - DATE AND TIME OF LATEST TRANSACTION | |
| control field | 20241126110722.0 |
| 008 - FIXED-LENGTH DATA ELEMENTS--GENERAL INFORMATION | |
| fixed length control field | 060118s2006 mnu b 001 0 eng |
| 010 ## - | |
| -- | 2006001614 |
| 020 ## - INTERNATIONAL STANDARD BOOK NUMBER | |
| International Standard Book Number | 0814624049 (alk. paper) |
| 020 ## - INTERNATIONAL STANDARD BOOK NUMBER | |
| International Standard Book Number | 9780814624043 |
| 035 ## - SYSTEM CONTROL NUMBER | |
| System control number | (OCoLC)ocm63187405 |
| 040 ## - CATALOGING SOURCE | |
| Original cataloging agency | DLC |
| Transcribing agency | DLC |
| Modifying agency | DLC |
| 042 ## - | |
| -- | pcc |
| 050 00 - | |
| -- | BX1795.S35 |
| -- | B69 2006 |
| 082 00 - DEWEY DECIMAL CLASSIFICATION NUMBER | |
| Classification number | 261.55 |
| Edition information | 22 |
| Item number | BOY |
| 100 1# - MAIN ENTRY--PERSONAL NAME | |
| Personal name | Boyle, Elizabeth Michael, |
| Dates associated with a name | 1927- |
| 9 (RLIN) | 17310 |
| 245 10 - TITLE STATEMENT | |
| Title | Science as sacred metaphor : |
| Remainder of title | an evolving revelation / |
| Statement of responsibility, etc. | Elizabeth Michael Boyle. |
| 260 ## - PUBLICATION, DISTRIBUTION, ETC. | |
| Place of publication, distribution, etc. | Collegeville, Minn. : |
| Name of publisher, distributor, etc. | Liturgical Press, |
| Date of publication, distribution, etc. | c2006. |
| 300 ## - PHYSICAL DESCRIPTION | |
| Extent | xix, 138 p. ; |
| Dimensions | 23 cm. |
| 504 ## - BIBLIOGRAPHY, ETC. NOTE | |
| Bibliography, etc. note | Includes bibliographical references (p. 123-134) and indexes. |
| 505 0# - FORMATTED CONTENTS NOTE | |
| Formatted contents note | Metaphor : the language of science, poetry, and faith experience -- Reflections on a quantum universe : an experience of the whole -- Reflections on dynamic landscapes : an experience of history -- Reflections on cosmic evolution : an Advent experience -- Reflections on divine and human suffering : a Lenten experience -- Reflections on evolving consciousness : a Resurrection/post-Resurrection experience -- Reflections on string theory : a Pentecostal/Eucharistic experience -- Reflections on space exploration : a timeless experience. |
| 610 20 - SUBJECT ADDED ENTRY--CORPORATE NAME | |
| Corporate name or jurisdiction name as entry element | Catholic Church |
| Form subdivision | Prayers and devotions. |
| 9 (RLIN) | 2794 |
| 650 #0 - SUBJECT ADDED ENTRY--TOPICAL TERM | |
| Topical term or geographic name entry element | Religion and science |
| Form subdivision | Meditations. |
| 9 (RLIN) | 17311 |
| 856 41 - ELECTRONIC LOCATION AND ACCESS | |
| Materials specified | Table of contents only |
| Uniform Resource Identifier | <a href="http://www.loc.gov/catdir/toc/ecip067/2006001614.html">http://www.loc.gov/catdir/toc/ecip067/2006001614.html</a> |
| 906 ## - LOCAL DATA ELEMENT F, LDF (RLIN) | |
| a | 7 |
| b | cbc |
| c | orignew |
| d | 1 |
| e | ecip |
| f | 20 |
| g | y-gencatlg |
| 942 ## - ADDED ENTRY ELEMENTS (KOHA) | |
| Source of classification or shelving scheme | Dewey Decimal Classification |
| Koha item type | Books |
| Withdrawn status | Lost status | Source of classification or shelving scheme | Damaged status | Not for loan | Home library | Current Library | Shelving location | Date acquired | Total checkouts | Full call number | Barcode | Date last seen | Copy number | Price effective from | Koha item type |
|---|---|---|---|---|---|---|---|---|---|---|---|---|---|---|---|
| Dewey Decimal Classification | GRACE BIBLE COLLEGE | GRACE BIBLE COLLEGE | Ministry & Mission | 2023-09-25 | 261.55 BOY | 020584 | 2025-05-01 | c.1 | 2023-09-25 | Books |